000 00880nab a2200265 u 4500
001 11350
003 HDC
007 cr bn ---aaaaa
008 210207b2015mmddmy d||no |||| 00| 0 eng d
040 _aHDC
100 _aSri Priya, Sheila
_911647
245 0 _aHotel and culinary experts to hit KL /
_cSheila Sri Priya
260 _aMalaysia:
_bStar Media Group,
_c2015
300 _a1 online resource
336 _atext
_2rdacontent
337 _acomputer
_2rdamedia
338 _aonline resource
_2rdacarrier
650 _aFood industry and trade
_9140
650 _aHospitality industry
_xExhibition
_911648
710 _aThe Star Online
856 _zRequest full-text at [email protected]
942 _2lcc
942 _cNEWS
942 _kNWSO 000655
999 _c8673
_d8673